000
00201 a2200097 4500
001
46688
100
_a
Bison
245
_a
Medieval warfare
260
_a
London
_b
Bison books
_c
090
_c
29786
_d
29786
942
_a
NUST-CAE
_c
M
_c
21986
999
_c
281761
_d
281761